<?xml version="1.0" encoding="UTF-8"?><?xml-stylesheet type="text/xsl" href="static/style.xsl"?><OAI-PMH xmlns="http://www.openarchives.org/OAI/2.0/" xmlns:xsi="http://www.w3.org/2001/XMLSchema-instance" xsi:schemaLocation="http://www.openarchives.org/OAI/2.0/ http://www.openarchives.org/OAI/2.0/OAI-PMH.xsd"><responseDate>2026-04-13T05:46:11Z</responseDate><request verb="GetRecord" identifier="oai:www.recercat.cat:2445/140918" metadataPrefix="marc">https://recercat.cat/oai/request</request><GetRecord><record><header><identifier>oai:recercat.cat:2445/140918</identifier><datestamp>2025-12-04T19:38:56Z</datestamp><setSpec>com_2072_1057</setSpec><setSpec>col_2072_478813</setSpec><setSpec>col_2072_478917</setSpec></header><metadata><record xmlns="http://www.loc.gov/MARC21/slim" xmlns:dcterms="http://purl.org/dc/terms/" xmlns:xsi="http://www.w3.org/2001/XMLSchema-instance" xmlns:doc="http://www.lyncode.com/xoai" xsi:schemaLocation="http://www.loc.gov/MARC21/slim http://www.loc.gov/standards/marcxml/schema/MARC21slim.xsd">
   <leader>00925njm 22002777a 4500</leader>
   <datafield ind2=" " ind1=" " tag="042">
      <subfield code="a">dc</subfield>
   </datafield>
   <datafield ind2=" " ind1=" " tag="720">
      <subfield code="a">Bakhytkyzy, Inal</subfield>
      <subfield code="e">author</subfield>
   </datafield>
   <datafield ind2=" " ind1=" " tag="720">
      <subfield code="a">Núñez Burcio, Oscar</subfield>
      <subfield code="e">author</subfield>
   </datafield>
   <datafield ind2=" " ind1=" " tag="720">
      <subfield code="a">Saurina, Javier</subfield>
      <subfield code="e">author</subfield>
   </datafield>
   <datafield ind2=" " ind1=" " tag="260">
      <subfield code="c">2019-09-25T14:09:23Z</subfield>
   </datafield>
   <datafield ind2=" " ind1=" " tag="260">
      <subfield code="c">2020-02-28T06:10:22Z</subfield>
   </datafield>
   <datafield ind2=" " ind1=" " tag="260">
      <subfield code="c">2019-02</subfield>
   </datafield>
   <datafield ind2=" " ind1=" " tag="260">
      <subfield code="c">2019-09-25T14:09:23Z</subfield>
   </datafield>
   <datafield ind2=" " ind1=" " tag="520">
      <subfield code="a">A combination of solvent extraction, size exclusion purification and reversed-phase liquid chromatography with UV absorption and fluorescence detection was here used for the determination of flavan-3-ols and related oligomeric compounds in cranberry products. The method relied on robust, simple and inexpensive instrumental equipment present in most of routine analytical laboratories. Sample extracts in methanol/water/hydrochloric acid solution (60:39:1, v:v:v) were subjected to sizeexclusion chromatography (SEC) using Sephadex LH-20 as the sorbent to separate simple phenolic and oligomeric components. As a novel aspect of this work, the implementation of the SEC process in a reusable packed column was practically and economically highly advantageous. Fractions were analyzed by reversed-phase chromatography using a C18 core-shell analytical column and 0.1% formic acid aqueous solution and methanol as the components of the mobile phase. Chromatograms were recorded by UV absorption spectroscopy at 280 nm and by fluorescence spectroscopy at lex 280 nm / lem 347 nm. The method was applied to the determination of flavan-3-ols in various cranberry samples. Catechin, epicatechin and procyanidins A2 and B2 were found in different amounts depending on the cranberry varieties.</subfield>
   </datafield>
   <datafield tag="653" ind2=" " ind1=" ">
      <subfield code="a">Flavonoides</subfield>
   </datafield>
   <datafield tag="653" ind2=" " ind1=" ">
      <subfield code="a">Cromatografia de líquids</subfield>
   </datafield>
   <datafield tag="653" ind2=" " ind1=" ">
      <subfield code="a">Flavonoids</subfield>
   </datafield>
   <datafield tag="653" ind2=" " ind1=" ">
      <subfield code="a">Liquid chromatography</subfield>
   </datafield>
   <datafield ind2="0" ind1="0" tag="245">
      <subfield code="a">Size exclusion coupled to reversed-phase líquid chromatography for the characterization of cranberry products</subfield>
   </datafield>
</record></metadata></record></GetRecord></OAI-PMH>